| Registos Bibliográficos associados ao registo de autoridade |
|
Etiqueta de registo: 00254nam 2200025 450 001 2285109 003 http://id.bnportugal.gov.pt/bib/catbnp/2285109 010 ## $a978-989-739-453-9 021 ## $aPT$b560218/26 100 ## $a20260423d2026 m y0pory01030103ba 101 0# $apor 102 ## $aPT 105 ## $aa z 000yy 106 ## $ar 200 1# $aCozinha que cura$fDulce Costa$gfot. José Alfredo 205 ## $a1ª ed 210 #9 $aPorto$cAlbatroz,$d2026 215 ## $a358, [2] p.$cil.$d24 cm 675 ## $a613.26(035)$vBN$zpor$31458125 675 ## $a641.56(083.12)$vBN$zpor$31992500 700 #1 $aCosta,$bDulce,$f1972-$31996743 702 #1 $aAlfredo,$bJosé$f1962-$4600$354562 801 #0 $aPT$bBN$gRPC 856 41 $uhttp://rnod.bnportugal.gov.pt/ImagesBN/winlibimg.aspx?skey=&doc=2285109&img=223807&save=true 966 ## $lBN$mFGMON$sS.A. 194168 V.$x1 966 ## $lBN$mFGMON$sS.A. 194168 V.-D$x1 971 ## $corlando$d20260423 973 ## $cmlsousa$d20260629
|
|
|